Fr. Conceicao Rodrigues College of Engineering

Transducers for Biomedical measurement (Record no. 27625)

MARC details
000 -LEADER
fixed length control field 00328nam a2200145Ia 4500
082 ## - DEWEY DECIMAL CLASSIFICATION NUMBER
Classification number 610.28
Item number COB
100 ## - MAIN ENTRY--PERSONAL NAME
Personal name Cobbold/ R.S.C.
245 ## - TITLE STATEMENT
Title Transducers for Biomedical measurement
260 ## - PUBLICATION, DISTRIBUTION, ETC.
Name of publisher, distributor, etc. John Wiley
Place of publication, distribution, etc. New Delhi
Date of publication, distribution, etc. 1974
300 ## - PHYSICAL DESCRIPTION
Extent 486
546 ## - LANGUAGE NOTE
Language note ENGLISH
654 ## - SUBJECT ADDED ENTRY--FACETED TOPICAL TERMS
Focus term transducers
942 ## - ADDED ENTRY ELEMENTS (KOHA)
Koha item type BOOK
Holdings
Withdrawn status Lost status Damaged status Not for loan Collection Home library Current library Shelving location Date acquired Total Checkouts Full call number Barcode Date last seen Price effective from Koha item type
        CRC Fr. Agnel's C.Rodrigues College of Engineering Fr. Agnel's C.Rodrigues College of Engineering   17/03/2023   610.28 COB 9460 17/03/2023 17/03/2023 BOOK